| 000 | 00550nam a2200205Ia 4500 | ||
|---|---|---|---|
| 003 | OSt | ||
| 005 | 20260427151701.0 | ||
| 008 | 210210b1973 xxu||||| |||| 00| 0 eng d | ||
| 040 | _cAL | ||
| 041 | _aKannada | ||
| 082 | _a294.53K DEVS | ||
| 100 |
_aHOLLA (D V). _dಹೊಳ್ಳ (ಡಿ ವಿ) _9262898 |
||
| 245 |
_aShri Devi bhajane. _bಶ್ರೀ ದೇವಿ ಭಜನೆ |
||
| 260 |
_aTekkate _bAradhana Prakatane _c1973 |
||
| 300 | _a32 | ||
| 650 |
_aWorship _9262899 |
||
| 690 |
_aHinduism _9262900 |
||
| 906 | _a042202 | ||
| 942 |
_2ddc _cBK |
||
| 999 |
_c91418 _d91418 |
||